[Event "GRE-chT 50th"]
[Site "Nikaia"]
[Date "2023.08.28"]
[Round "5.6"]
[White "Kofkeli, Eleni"]
[Black "Angelakopoulou, Ioanna"]
[Result "1-0"]
[WhiteElo "1221"]
[BlackElo "1365"]
[PlyCount "103"]
[EventDate "2023.08.25"]
[EventType "team"]
[EventRounds "9"]
[EventCountry "GRE"]
[SourceTitle "EXT 2024"]
[Source "ChessBase"]
[SourceDate "2023.10.10"]
[SourceVersion "1"]
[SourceVersionDate "2023.10.10"]
[SourceQuality "1"]
[WhiteTeam "Irakleiou Attikis"]
[BlackTeam "Larisas"]
[WhiteTeamCountry "GRE"]
[BlackTeamCountry "GRE"]

1. e4 d5 2. exd5 Qxd5 3. Nc3 Qa5 4. d4 Nf6 5. Nf3 c6 6. Bd3 Bg4 7. h3 Bh5 8. 0-0 e6 9. Ne4 Nxe4 10. Bxe4 Nd7 11. c4 Nf6 12. Bc2 Rd8 13. Be3 Be7 14. Qd2 Bb4 15. Qe2 Be7 16. a3 0-0 17. Qd2 Qxd2 18. Nxd2 Rfe8 19. Rfe1 Rd7 20. Nb3 Bg6 21. Bxg6 hxg6 22. f3 Red8 23. Nc5 Bxc5 24. dxc5 Rd3 25. Kf2 Rb3 26. Re2 Rdd3 27. Bf4 Rd4 28. Bb8 Rxc4 29. Bxa7 Nd7 30. Rb1 Nxc5 31. Rd2 Kf8 32. Rbd1 Ke7 33. Bb8 Kf6 34. Bc7 g5 35. Bd8+ Kg6 36. Bc7 Na4 37. Rb1 Nb6 38. Be5 Nd5 39. Re2 Ra4 40. Rd1 Ra6 41. Bd4 Ra5 42. g3 c5 43. Be5 Ra6 44. Rc1 f6 45. Bb8 Rc6 46. Rce1 Kf7 47. Rd2 Rb5 48. f4 gxf4 49. Bxf4 Nxf4 50. gxf4 Rcb6 51. Ree2 Rxb2 52. Rxb2 1-0

[Event "GRE-chT 49th"]
[Site "Thessaloniki"]
[Date "2022.08.16"]
[Round "6.7"]
[White "Papadokonstantaki, Aikaterini"]
[Black "Kofkeli, Eleni"]
[Result "0-1"]
[WhiteElo "1324"]
[BlackElo "1220"]
[PlyCount "72"]
[EventDate "2022.08.12"]
[EventType "team-swiss"]
[EventRounds "7"]
[EventCountry "GRE"]
[SourceTitle "CBM 209 Extra"]
[Source "ChessBase"]
[SourceDate "2022.09.30"]
[SourceVersion "1"]
[SourceVersionDate "2022.09.30"]
[SourceQuality "1"]
[WhiteTeam "Chania Kethon"]
[BlackTeam "Erakleioe Attikes"]
[WhiteTeamCountry "GRE"]
[BlackTeamCountry "GRE"]

1. Nf3 d5 2. c4 e6 3. g3 Nf6 4. Bg2 Be7 5. 0-0 0-0 6. d4 b6 7. cxd5 exd5 8. Nc3 Bb7 9. Bf4 c6 10. Re1 Nbd7 11. Ne5 Nxe5 12. Bxe5 Bd6 13. e4 dxe4 14. Nxe4 Nxe4 15. Bxe4 Qc7 16. Qf3 Bxe5 17. dxe5 Rfe8 18. Qc3 c5 19. b4 Bxe4 20. Rxe4 Rac8 21. Rc1 Qb7 22. Rc4 Qd5 23. bxc5 bxc5 24. Rxc5 Rxc5 25. Qxc5 Qxa2 26. Qb5 Qe6 27. Rc6 Qd7 28. Qc5 Qd1+ 29. Kg2 Qa4 30. Rc7 a6 31. Ra7 h6 32. Qd5 Rf8 33. e6 fxe6 34. Qxe6+ Kh7 35. Rxa6 Qc2 36. Ra2 Rxf2+ 0-1

[Event "GRE-chT 49th"]
[Site "Thessaloniki"]
[Date "2022.08.13"]
[Round "3.7"]
[White "Kofkeli, Eleni"]
[Black "Kioseoglou, Foteini"]
[Result "0-1"]
[WhiteElo "1220"]
[BlackElo "1216"]
[PlyCount "110"]
[EventDate "2022.08.12"]
[EventType "team-swiss"]
[EventRounds "7"]
[EventCountry "GRE"]
[SourceTitle "CBM 209 Extra"]
[Source "ChessBase"]
[SourceDate "2022.09.30"]
[SourceVersion "1"]
[SourceVersionDate "2022.09.30"]
[SourceQuality "1"]
[WhiteTeam "Erakleioe Attikes"]
[BlackTeam "Zeenon Glyfathas"]
[WhiteTeamCountry "GRE"]
[BlackTeamCountry "GRE"]

1. e4 c5 2. Nf3 e6 3. d4 cxd4 4. Nxd4 Nf6 5. Bd3 d6 6. Nc3 Nc6 7. Nb3 Be7 8. 0-0 0-0 9. Be3 a6 10. a4 b6 11. f4 Qc7 12. Be2 Bb7 13. Bf3 Rac8 14. Qd2 Rfd8 15. Qf2 Nd7 16. Rad1 Nc5 17. Nd2 Bf6 18. Ndb1 Nb4 19. Bd4 Bxd4 20. Rxd4 Nc6 21. Rdd1 Ne7 22. Qe3 Bc6 23. Qd4 d5 24. exd5 Nxd5 25. Bxd5 Bxd5 26. Nxd5 Rxd5 27. Qc4 Rxd1 28. Rxd1 Rd8 29. Rxd8+ Qxd8 30. Nc3 Qd2 31. h3 Kf8 32. b4 Nd7 33. Ne2 a5 34. bxa5 Qxa5 35. Nc3 Ke7 36. Qc7 Qc5+ 37. Qxc5+ Nxc5 38. Kf2 Kd6 39. Ke3 f6 40. Kd4 e5+ 41. Ke3 Ke6 42. g4 exf4+ 43. Kxf4 g5+ 44. Kf3 Ke5 45. Ke3 h6 46. Kf3 Ne6 47. Ne4 Nd4+ 48. Ke3 Nxc2+ 49. Kd3 Ne1+ 50. Ke3 Ng2+ 51. Kf3 Nf4 52. Nf2 Nd5 53. Ne4 Nf4 54. Nf2 Kd4 55. Kg3 Ne2+ 0-1

[Event "GRE-chT 49th"]
[Site "Thessaloniki"]
[Date "2022.08.13"]
[Round "2.10"]
[White "Papadimitriou, Dimitra"]
[Black "Kofkeli, Eleni"]
[Result "0-1"]
[WhiteElo "1164"]
[BlackElo "1220"]
[PlyCount "76"]
[EventDate "2022.08.12"]
[EventType "team-swiss"]
[EventRounds "7"]
[EventCountry "GRE"]
[SourceTitle "CBM 209 Extra"]
[Source "ChessBase"]
[SourceDate "2022.09.30"]
[SourceVersion "1"]
[SourceVersionDate "2022.09.30"]
[SourceQuality "1"]
[WhiteTeam "Livatheias"]
[BlackTeam "Erakleioe Attikes"]
[WhiteTeamCountry "GRE"]
[BlackTeamCountry "GRE"]

1. d4 d5 2. c4 e6 3. Nc3 Nf6 4. cxd5 exd5 5. Nf3 Be7 6. e3 0-0 7. Bd3 b6 8. e4 dxe4 9. Nxe4 Bb7 10. Nxf6+ Bxf6 11. 0-0 Nc6 12. d5 Ne7 13. Bg5 Nxd5 14. Bxf6 Nxf6 15. Be2 Re8 16. Qxd8 Raxd8 17. Rad1 h6 18. Rxd8 Rxd8 19. Rd1 Re8 20. Bb5 c6 21. Bc4 b5 22. Bb3 c5 23. Re1 Bxf3 24. Rxe8+ Nxe8 25. gxf3 Nd6 26. Bd5 a5 27. Kf1 Kf8 28. Ke2 Nf5 29. Kd3 Ke7 30. Ke4 Nd6+ 31. Kd3 Kf6 32. Ke2 Ke5 33. Bc6 Kd4 34. Kd2 c4 35. f4 f5 36. Bf3 b4 37. Bd1 Ne4+ 38. Ke2 c3 0-1

[Event "GRE-chT U16 9th"]
[Site "Thessaloniki"]
[Date "2016.12.16"]
[Round "2.5"]
[White "Louka, Marianthi"]
[Black "Kofkeli, Eleni"]
[Result "1-0"]
[WhiteElo "1459"]
[BlackElo "1008"]
[PlyCount "75"]
[EventDate "2016.12.15"]
[EventType "team-swiss"]
[EventRounds "6"]
[EventCountry "GRE"]
[SourceTitle "CBM 176 Extra"]
[Source "ChessBase"]
[SourceDate "2017.03.02"]
[SourceVersion "1"]
[SourceVersionDate "2017.03.02"]
[SourceQuality "1"]
[WhiteTeam "Kalamata"]
[BlackTeam "Triandrias"]
[WhiteTeamCountry "GRE"]
[BlackTeamCountry "GRE"]

1. e4 e5 2. Nf3 Nc6 3. Bc4 Nf6 4. d3 Be7 5. c3 0-0 6. Nbd2 d6 7. h3 Be6 8. Bb3 d5 9. 0-0 Qd7 10. Ba4 Qd6 11. Re1 Rfd8 12. Qe2 dxe4 13. dxe4 a6 14. Nf1 b5 15. Rd1 Qc5 16. Be3 Qc4 17. Qxc4 Bxc4 18. Bc2 Rac8 19. Ng3 Na5 20. Nxe5 Bd6 21. Bd4 c5 22. Nxc4 Nxc4 23. Bxf6 gxf6 24. Nf5 Bf8 25. b3 Nb6 26. Rxd8 Rxd8 27. Rd1 Re8 28. Kf1 Bg7 29. Rd6 Re6 30. Rd8+ Bf8 31. f4 a5 32. Kf2 c4 33. Nd4 Re7 34. Nxb5 Kg7 35. Nd4 Rd7 36. Rxd7 Nxd7 37. bxc4 Bd6 38. Nf5+ 1-0